000 00502nam a22001697a 4500
005 20240802111756.0
008 240802b |||||||| |||| 00| 0 eng d
020 _a97881119059653
082 _a005.8076
_bMUR-S
100 _aMurphy, George B.
245 _aSSCP :
_bSystems Security Certified Practitioner Official Study Guide /
_cGeorge B.Murphy
260 _aIndia:
_belsevier;
_c2015.
300 _axiv, 538 p. :
_bill;
_c17770
500 _ainclude index.
650 _aNetworking
999 _c36270
_d36270